000
00243 a2200085 4500
020
_a
9791188529100
100
_a
Nemo Factory
_a
Lee, Joon- Hee.
245
_a
Small House City: The Best Houses In The World Nemo Factory
260
_b
Nemo Factory
_c
2019
999
_c
13644
_d
13644